书目信息 |
| 题名: |
涉外礼仪ABC
|
|
| 作者: | 孙渊鲲 编著 | |
| 分册: | ||
| 出版信息: | 北京 世界知识出版社 2007 |
|
| 页数: | 167页 | |
| 开本: | 21cm | |
| 丛书名: | ||
| 单 册: | ||
| 中图分类: | D802.2 | |
| 科图分类: | ||
| 主题词: | 礼仪--基本知识--世界 , 礼仪 , 外交理论 , 国际关系理论 | |
| 电子资源: | ||
| ISBN: | 978-7-5012-3219-2 | |
| 000 | 00742nam0 2200253 450 | |
| 001 | 1240493766 | |
| 005 | 20121005111539.35 | |
| 010 | @a978-7-5012-3219-2@dCNY18.00 | |
| 100 | @a20080102d2007 em y0chiy50 ea | |
| 101 | 0 | @achi |
| 102 | @aCN@b110000 | |
| 105 | @aak z 000yy | |
| 200 | 1 | @a涉外礼仪ABC@Ashe wai li yi ABC@f孙渊鲲编著 |
| 210 | @a北京@c世界知识出版社@d2007 | |
| 215 | @a167页@c图@d21cm | |
| 330 | @a本书分为日常礼仪与接待礼仪两部分,大致包括:衣、食、住、行、见、迎、送等内容。 | |
| 606 | 0 | @a礼仪@x基本知识@y世界 |
| 606 | 0 | @a礼仪 |
| 606 | 0 | @a外交理论 |
| 606 | 0 | @a国际关系理论 |
| 690 | @aD802.2@v4 | |
| 701 | 0 | @a孙渊鲲@Asun yuan kun@f(1955~)@4编著 |
| 801 | 0 | @aCN@bNLC@c20101222 |
| 905 | @a10447@dD802.2@eJY48 | |
| 涉外礼仪ABC/孙渊鲲编著.-北京:世界知识出版社,2007 |
| 167页:图;21cm |
| ISBN 978-7-5012-3219-2:CNY18.00 |
| 本书分为日常礼仪与接待礼仪两部分,大致包括:衣、食、住、行、见、迎、送等内容。 |
| ● |
| 相关链接 |
|
|
|
|
正题名:涉外礼仪ABC
索取号:D802.2/JY48
 
预约/预借
| 序号 | 登录号 | 条形码 | 馆藏地/架位号 | 状态 | 备注 |
| 1 | 7812649 | 278126494 | 学院路分馆/ [索取号:D802.2/JY48] | 在馆 | |
| 2 | 7812650 | 278126500 | 学院路分馆/ [索取号:D802.2/JY48] | 在馆 |